Caribbean basin initiative: caribbean basin economic recovery ACT
محفوظ في:
| التنسيق: | نص |
|---|---|
| منشور في: |
New York:
Public Law
|
| الوسوم: |
إضافة وسم
لا توجد وسوم, كن أول من يضع وسما على هذه التسجيلة!
|
MARC
| LEADER | 00000 a a2200000 04500 | ||
|---|---|---|---|
| 001 | 23082 | ||
| 003 | |||
| 040 | |a CRAI/IIS |c CRAI/IIS | ||
| 090 | |a 159200 | ||
| 245 | |a Caribbean basin initiative: caribbean basin economic recovery ACT | ||
| 260 | |a New York: |b Public Law | ||
| 300 | |a 9 p. | ||
| 999 | |c 4344 |d 4344 | ||
